000 01447nam a2200433 i 4500
001 54425
003 KOSZ 005
005 20220929135227.0
008 050718s2005 pl d |000 0 pol
015 _aUWD 2005/16035
020 _a8385773800
035 _a991027780739705066
035 _a(PL-WaBN)b17527648-48omnis_nlop
035 _ab17527648
035 _a(OCoLC)749993449
035 _azz2005972154
035 _a(PL)b0000001752764
035 _a(EXLNZ-48OMNIS_NETWORK)9910294584205606
040 _aWA N
_cWA N
_dKOSZ 005/HR
046 _k2005
080 _a657.05
080 _a658.14/.17
100 1 _aMielcarek, Jarosław
_eAutor
245 1 0 _aPodstawy teoretyczne koncepcji CVP :
_b(koszt-wolumen-zysk) /
_cJarosław Mielcarek.
260 _aWrocław :
_bI-Bis,
_c2005.
300 _a199 s. :
_bwykr. ;
_c24 cm.
336 _aTekst
_btxt
_2rdacontent
337 _aBez urządzenia pośredniczącego
_bn
_2rdamedia
338 _aWolumin
_bnc
_2rdacarrier
380 _aKsiążki
388 _a2001-
504 _aBibliogr. s. 197-199.
650 7 _aRachunkowość zarządcza
_2DBN
658 _aGospodarka, ekonomia, finanse
710 2 _aI-BiS Usługi Komputerowe, Wydawnictwo Andrzej Bieroński, Przemysław Bieroński
_4pbl
856 _uhttp://koha.tu.koszalin.pl/cgi-bin/koha/opac-detail.pl?biblionumber=54425
_yKatalog online BPK
942 _2UKD
_cKS
999 _c54425
_d54425